[Event "41st NED-ch"]
[Site "Hilversum NED"]
[Date "1985.06.14"]
[Round "1"]
[White "Boersma, Paulus"]
[Black "Ligterink, Gert"]
[Result "0-1"]
[WhiteElo "2380"]
[BlackElo "2450"]
[EventDate "1985.06.14"]
[PlyCount "68"]

1.d4 Nf6 2.Nf3 e6 3.c4 b6 4.Nc3 Bb4 5.e3 Bb7 6.Bd3 O-O 7.O-O d5 8.a3 Bd6 
9.b4 dxc4 10.Bxc4 a5 11.bxa5 Rxa5 12.Nb5 Be7 13.Bb2 Nbd7 14.Qe2 c6 15.Nc3 
c5 16.Nb5 Qb8 17.dxc5 Bxc5 18.Rfd1 Rc8 19.a4 Be7 20.Bc3 Bxf3 21.gxf3 Ne5 
22.Bxa5 Rxc4 23.f4 Qb7 24.fxe5 Rg4+ 25.Qxg4 Nxg4 26.Rac1 bxa5 27.h3 Nxe5 
28.Rc7 Qf3 29.Rc8+ Bf8 30.Rdd8 Ng6 31.Nd4 Qxh3 32.Nc6 h5 33.Nxa5 Nh4 34.
Rxf8+ Kh7 0-1

[Event "41st NED-ch"]
[Site "Hilversum NED"]
[Date "1985.06.14"]
[Round "1"]
[White "Kuijpers, Franciscus"]
[Black "Douven, Rudy"]
[Result "1/2-1/2"]
[WhiteElo "2370"]
[BlackElo "2350"]
[EventDate "1985.06.14"]
[PlyCount "37"]

1.e4 c6 2.d4 d5 3.Nc3 dxe4 4.Nxe4 Bf5 5.Ng3 Bg6 6.N1e2 e6 7.Nf4 Bd6 8.Ngh5
Kf8 9.Be3 Qa5+ 10.c3 Nd7 11.Bc4 Re8 12.Qf3 Ngf6 13.Nxf6 Nxf6 14.Nxg6+ hxg6
15.O-O-O Qh5 16.Be2 Qf5 17.h3 Nd5 18.Rhe1 Rh4 19.Qxf5 1/2-1/2

[Event "41st NED-ch"]
[Site "Hilversum NED"]
[Date "1985.06.14"]
[Round "1"]
[White "Gelpke, Peter"]
[Black "Van der Wiel, John"]
[Result "1/2-1/2"]
[WhiteElo "2355"]
[BlackElo "2500"]
[EventDate "1985.06.14"]
[PlyCount "64"]

1.d4 Nf6 2.c4 e6 3.Nf3 b6 4.Nc3 Bb4 5.Qc2 Bb7 6.a3 Bxc3+ 7.Qxc3 Ne4 8.Qc2 
O-O 9.g3 d5 10.Bg2 Nd7 11.O-O c5 12.dxc5 bxc5 13.Nd2 Nd6 14.cxd5 Bxd5 15.
e4 Bb7 16.Rd1 Qc7 17.Nc4 Nxc4 18.Qxc4 Rac8 19.Bf4 e5 20.Be3 Nb6 21.Qc2 Qc6
22.Rdc1 c4 23.a4 f5 24.f3 fxe4 25.fxe4 Rc7 26.a5 Nc8 27.Qc3 Qe6 28.Rf1 Re8
29.Rae1 Ba8 30.Qb4 Rb7 31.Qd2 Nd6 32.Bc5 Nb5 1/2-1/2

[Event "41st NED-ch"]
[Site "Hilversum NED"]
[Date "1985.06.14"]
[Round "1"]
[White "Hartoch, Robert"]
[Black "Bohm, Hans"]
[Result "1/2-1/2"]
[WhiteElo "2360"]
[BlackElo "2435"]
[EventDate "1985.06.14"]
[PlyCount "57"]

1.g3 d5 2.Bg2 c6 3.c4 e6 4.Nf3 Be7 5.b3 a5 6.O-O Nf6 7.Ba3 Bxa3 8.Nxa3 O-O
9.Qc1 Qe7 10.Qb2 Na6 11.d4 Ng4 12.h3 Nh6 13.Ne5 f5 14.e3 Nf7 15.Nxf7 Rxf7 
16.Nc2 Bd7 17.Ne1 g5 18.Nd3 Rg7 19.Qd2 Nc7 20.Nc5 Ra7 21.g4 fxg4 22.hxg4 
Ne8 23.e4 Nf6 24.cxd5 cxd5 25.exd5 exd5 26.Rfe1 Qd6 27.Nxd7 Qxd7 28.Qe2 
Ra6 29.Rac1 1/2-1/2

[Event "41st NED-ch"]
[Site "Hilversum NED"]
[Date "1985.06.14"]
[Round "1"]
[White "Ree, Hans"]
[Black "Welling, Gerard"]
[Result "1/2-1/2"]
[WhiteElo "2455"]
[BlackElo "2350"]
[EventDate "1985.06.14"]
[PlyCount "61"]

1.c4 b6 2.d4 Bb7 3.Nc3 Nf6 4.Nf3 d5 5.cxd5 Nxd5 6.e3 Nd7 7.Nxd5 Bxd5 8.Ba6
e5 9.e4 Bxe4 10.O-O Be7 11.dxe5 Nc5 12.Bc4 a5 13.Nd4 O-O 14.Re1 Kh8 15.Be3
Bd5 16.Bxd5 Qxd5 17.Qg4 Rfd8 18.Nf5 Bf8 19.Bxc5 bxc5 20.h3 a4 21.Re2 g6 
22.Ng3 Bg7 23.f4 Rab8 24.Ne4 Rxb2 25.Rxb2 Qd4+ 26.Kh2 Qxb2 27.Rd1 Rf8 28.
Rd2 Qb4 29.Qe2 f5 30.exf6 Bxf6 31.Rc2 1/2-1/2

[Event "41st NED-ch"]
[Site "Hilversum NED"]
[Date "1985.06.14"]
[Round "1"]
[White "Van der Sterren, Paul"]
[Black "Langeweg, Christian"]
[Result "1/2-1/2"]
[WhiteElo "2450"]
[BlackElo "2390"]
[EventDate "1985.06.14"]
[PlyCount "82"]

1.d4 Nf6 2.c4 e6 3.Nf3 b6 4.g3 Ba6 5.b3 Bb4+ 6.Bd2 Be7 7.Nc3 d5 8.cxd5 
exd5 9.Bg2 O-O 10.O-O Nbd7 11.Ne5 Bb7 12.b4 Nxe5 13.dxe5 Ne4 14.Nxe4 dxe4 
15.Qc2 Qd5 16.Qxc7 Rfe8 17.Qc3 Red8 18.Be3 Qb5 19.Qc7 Rd7 20.a4 Qd5 21.Qc3
Rc8 22.Qb2 Rc4 23.b5 Qe6 24.Rfc1 Rb4 25.Qc3 h6 26.a5 Rxb5 27.a6 Bd5 28.
Qc8+ Kh7 29.Bd4 Bc5 30.Bxc5 Rxc5 31.Rxc5 bxc5 32.Rd1 Bc6 33.Rxd7 Bxd7 34.
Bxe4+ g6 35.Qxc5 Qxa6 36.Bd3 Qa1+ 37.Kg2 Be6 38.h4 h5 39.f4 a5 40.Qc7 Qe1 
41.Qd8 Bh3+ 1/2-1/2

[Event "41st NED-ch"]
[Site "Hilversum NED"]
[Date "1985.06.15"]
[Round "2"]
[White "Bohm, Hans"]
[Black "Ree, Hans"]
[Result "1/2-1/2"]
[WhiteElo "2435"]
[BlackElo "2455"]
[EventDate "1985.06.14"]
[PlyCount "45"]

1.d4 Nf6 2.c4 e6 3.Nc3 Bb4 4.g3 O-O 5.Bg2 d6 6.Nf3 Ne4 7.Qc2 f5 8.O-O Bxc3
9.bxc3 Nc6 10.Ba3 Na5 11.Qd3 Qe8 12.Bb4 Qa4 13.Bxa5 Qxa5 14.Rfc1 Qa4 15.
Ne1 Nf6 16.Nc2 Rb8 17.Rcb1 b6 18.Rb4 Qe8 19.c5 Bd7 20.cxd6 cxd6 21.c4 Rc8 
22.Ne3 e5 23.Rd1 1/2-1/2

[Event "41st NED-ch"]
[Site "Hilversum NED"]
[Date "1985.06.15"]
[Round "2"]
[White "Kuijpers, Franciscus"]
[Black "Gelpke, Peter"]
[Result "0-1"]
[WhiteElo "2370"]
[BlackElo "2355"]
[EventDate "1985.06.14"]
[PlyCount "80"]

1.e4 c6 2.d4 d5 3.Nc3 dxe4 4.Nxe4 Nd7 5.Nf3 Ngf6 6.Ng3 e6 7.Bd3 Be7 8.O-O 
O-O 9.Re1 c5 10.c3 b6 11.Qe2 Qc7 12.Bg5 Bb7 13.Rad1 Rfe8 14.Ne5 cxd4 15.
cxd4 Bb4 16.Rc1 Qd6 17.Nxd7 Nxd7 18.Red1 h6 19.Be3 Nf6 20.a3 Qd5 21.f3 Bf8
22.Rc7 Re7 23.Be4 Nxe4 24.fxe4 Qd8 25.Rc3 Rc8 26.Rxc8 Qxc8 27.Bf4 Rd7 28.
Nh5 Qd8 29.d5 g6 30.Qg4 Kh7 31.Ng3 exd5 32.e5 Bc8 33.Qe2 Qe8 34.Qd3 Kh8 
35.Qd2 g5 36.Bxg5 hxg5 37.Qxg5 Bg7 38.Re1 Rd6 39.Nh5 Rg6 40.Qh4 Kg8 0-1

[Event "41st NED-ch"]
[Site "Hilversum NED"]
[Date "1985.06.15"]
[Round "2"]
[White "Douven, Rudy"]
[Black "Langeweg, Christian"]
[Result "1-0"]
[WhiteElo "2350"]
[BlackElo "2390"]
[EventDate "1985.06.14"]
[PlyCount "84"]

1.d4 Nf6 2.Nf3 e6 3.c4 b6 4.a3 Bb7 5.Nc3 d5 6.cxd5 exd5 7.g3 Be7 8.Bg2 O-O
9.O-O c5 10.Bf4 Na6 11.dxc5 Nxc5 12.Rc1 a5 13.Nd4 Qd7 14.b4 axb4 15.axb4 
Ne6 16.Bh3 Rfc8 17.Nxe6 fxe6 18.Qd4 Rc4 19.Qxb6 Bc8 20.Nb5 Ra4 21.Nc7 
Raxb4 22.Bxe6+ Qxe6 23.Qxe6+ Bxe6 24.Nxe6 Rb2 25.e3 Ne4 26.Rb1 Rxb1 27.
Rxb1 Rc2 28.Rf1 g5 29.Nd4 Ra2 30.Be5 Nd2 31.Rc1 Nc4 32.Nc6 Ba3 33.Ra1 Rc2 
34.Bd4 Bd6 35.Ra8+ Kf7 36.Ra7+ Kg6 37.Rg7+ Kh6 38.Rd7 Bb4 39.Nd8 Nd2 40.
Nf7+ Kg6 41.Ne5+ Kf5 42.Rxd5 Ke4 1-0

[Event "41st NED-ch"]
[Site "Hilversum NED"]
[Date "1985.06.15"]
[Round "2"]
[White "Ligterink, Gert"]
[Black "Hartoch, Robert"]
[Result "1-0"]
[WhiteElo "2450"]
[BlackElo "2360"]
[EventDate "1985.06.14"]
[PlyCount "57"]

1.d4 d6 2.Nf3 Bg4 3.c4 Bxf3 4.exf3 g6 5.Nc3 Bg7 6.Be3 Nf6 7.Be2 O-O 8.h4 
e5 9.d5 Nh5 10.g3 Nd7 11.Qd2 f5 12.Bg5 Bf6 13.O-O-O a5 14.f4 Ng7 15.h5 
exf4 16.gxf4 Bxg5 17.fxg5 gxh5 18.Bxh5 Nxh5 19.Rxh5 Ne5 20.Rdh1 Rf7 21.f4 
Ng6 22.Nb5 Qd7 23.Nd4 Re8 24.Kb1 Re4 25.Ne6 Qa4 26.Rh6 Qb4 27.Qf2 a4 28.
Rxg6+ hxg6 29.Qh4 1-0

[Event "41st NED-ch"]
[Site "Hilversum NED"]
[Date "1985.06.15"]
[Round "2"]
[White "Van der Wiel, John"]
[Black "Boersma, Paulus"]
[Result "1/2-1/2"]
[WhiteElo "2500"]
[BlackElo "2380"]
[EventDate "1985.06.14"]
[PlyCount "92"]

1.e4 c6 2.d4 d5 3.Nd2 dxe4 4.Nxe4 Nf6 5.Nxf6+ exf6 6.c3 Bd6 7.Bd3 O-O 8.
Qc2 Re8+ 9.Ne2 g6 10.h4 Nd7 11.h5 Nf8 12.Bh6 Be6 13.O-O-O b5 14.Kb1 Bd5 
15.f3 a5 16.Rh3 Ra7 17.Rdh1 Bc4 18.hxg6 fxg6 19.Bxc4+ bxc4 20.Qa4 Qc8 21.
Qxc4+ Qe6 22.Qxe6+ Nxe6 23.g3 Ng5 24.Bxg5 fxg5 25.Nc1 Re3 26.g4 a4 27.Kc2 
Rf7 28.Rf1 Bf4 29.Nd3 Re2+ 30.Kb1 Rfe7 31.a3 Bd6 32.Rf2 Rxf2 33.Nxf2 Re1+ 
34.Ka2 Re3 35.Ne4 Bf4 36.d5 cxd5 37.Nf6+ Kg7 38.Nxd5 Rd3 39.Nxf4 gxf4 40.
g5 h6 41.Rxh6 Rxf3 42.c4 Rf1 43.c5 Rg1 44.Rh4 f3 45.Rf4 Rxg5 46.Rxf3 Rxc5 
1/2-1/2

[Event "41st NED-ch"]
[Site "Hilversum NED"]
[Date "1985.06.15"]
[Round "2"]
[White "Welling, Gerard"]
[Black "Van der Sterren, Paul"]
[Result "1/2-1/2"]
[WhiteElo "2350"]
[BlackElo "2450"]
[EventDate "1985.06.14"]
[PlyCount "26"]

1.b3 e5 2.Bb2 Nc6 3.Nf3 e4 4.Nd4 Qf6 5.e3 Bc5 6.Nb5 Qxb2 7.N1c3 Nb4 8.Rb1 
Qxc2 9.Nxc7+ Kd8 10.Qh5 Nxa2 11.Qxc5 Nxc3 12.Qf8+ Kxc7 13.Qc5+ Kd8 1/2-1/2

[Event "41st NED-ch"]
[Site "Hilversum NED"]
[Date "1985.06.16"]
[Round "3"]
[White "Boersma, Paulus"]
[Black "Kuijpers, Franciscus"]
[Result "1/2-1/2"]
[WhiteElo "2380"]
[BlackElo "2370"]
[EventDate "1985.06.14"]
[PlyCount "87"]

1.d4 d5 2.c4 c6 3.Nc3 Nf6 4.cxd5 cxd5 5.Bf4 Nc6 6.e3 Bf5 7.Nf3 e6 8.Ne5 
Be7 9.Bb5 Qb6 10.O-O O-O 11.Bxc6 bxc6 12.Na4 Qb5 13.Rc1 Rac8 14.Qb3 Qa6 
15.Bg5 Rfd8 16.Rc3 h6 17.Bxf6 gxf6 18.Nd3 Kh7 19.Nac5 Qb5 20.Rfc1 Rg8 21.
Qd1 Qb8 22.Rb3 Qd6 23.Rb7 Rc7 24.b4 Rxb7 25.Nxb7 Qb8 26.Na5 Qb5 27.Nxc6 
Bd6 28.Nf4 a6 29.a4 Qb7 30.Nh5 Rc8 31.b5 axb5 32.axb5 Qxb5 33.Na7 Rxc1 34.
Qxc1 Qb8 35.Nc6 Qb6 36.g4 Bg6 37.Nxf6+ Kh8 38.Nd7 Qb3 39.Nde5 Kg7 40.Nxg6 
Kxg6 41.Ne5+ Bxe5 42.dxe5 Qb4 43.h3 Qe4 44.Qb2 1/2-1/2

[Event "41st NED-ch"]
[Site "Hilversum NED"]
[Date "1985.06.16"]
[Round "3"]
[White "Gelpke, Peter"]
[Black "Douven, Rudy"]
[Result "1-0"]
[WhiteElo "2355"]
[BlackElo "2350"]
[EventDate "1985.06.14"]
[PlyCount "47"]

1.d4 Nf6 2.c4 e6 3.Nf3 b6 4.Nc3 Bb4 5.Qc2 Bb7 6.a3 Bxc3+ 7.Qxc3 O-O 8.e3 
d6 9.b4 Nbd7 10.Bb2 Ne4 11.Qc2 f5 12.Bd3 Qe8 13.O-O Qh5 14.d5 e5 15.Ne1 b5
16.f3 Nef6 17.Bxf5 Nb6 18.g4 Qe8 19.g5 Nxc4 20.gxf6 Nxe3 21.Be6+ Kh8 22.
fxg7+ Kxg7 23.Qxc7+ Kh8 24.Bxe5+ 1-0

[Event "41st NED-ch"]
[Site "Hilversum NED"]
[Date "1985.06.16"]
[Round "3"]
[White "Hartoch, Robert"]
[Black "Van der Wiel, John"]
[Result "0-1"]
[WhiteElo "2360"]
[BlackElo "2500"]
[EventDate "1985.06.14"]
[PlyCount "86"]

1.Nf3 c5 2.g3 b6 3.Bg2 Bb7 4.c4 g6 5.O-O Bg7 6.Nc3 Nf6 7.d4 cxd4 8.Nxd4 
Bxg2 9.Kxg2 Qc7 10.b3 Qb7+ 11.f3 d5 12.cxd5 Nxd5 13.Nxd5 Qxd5 14.Bb2 O-O 
15.Rb1 Rd8 16.Nb5 Na6 17.Qxd5 Rxd5 18.Bxg7 Kxg7 19.a4 Rd2 20.Kf2 Nc5 21.b4
Nxa4 22.Ra1 Nb2 23.Rxa7 Rxa7 24.Nxa7 Nd1+ 25.Kg1 Ne3 26.Rb1 Rxe2 27.b5 
Rg2+ 28.Kh1 Rf2 29.Nc8 Nd5 30.Rb3 Kf6 31.Na7 g5 32.Nc6 h5 33.Kg1 Rd2 34.h4
gxh4 35.gxh4 Kf5 36.Nb4 Kf4 37.Nd3+ Kg3 38.Kf1 Nf4 39.Nxf4 Kxf4 40.Rc3 Rb2
41.Rc7 Kxf3 42.Ke1 Re2+ 43.Kd1 Re5 0-1

[Event "41st NED-ch"]
[Site "Hilversum NED"]
[Date "1985.06.16"]
[Round "3"]
[White "Langeweg, Christian"]
[Black "Welling, Gerard"]
[Result "1-0"]
[WhiteElo "2390"]
[BlackElo "2350"]
[EventDate "1985.06.14"]
[PlyCount "87"]

1.d4 d5 2.Nf3 Nc6 3.Bf4 Bg4 4.c3 e6 5.Nbd2 Bd6 6.e3 Nge7 7.Bd3 e5 8.dxe5 
Bxe5 9.Qa4 Bd7 10.Qc2 Bxf4 11.exf4 Qc8 12.O-O-O Bf5 13.Rhe1 O-O 14.Nf1 
Bxd3 15.Rxd3 Qf5 16.g3 Rad8 17.Ne3 Qh5 18.Qd1 Rd6 19.g4 Qh6 20.f5 Qf4 21.
Kb1 h5 22.Rg1 Rfd8 23.h3 Ne5 24.Ng2 Qe4 25.Nxe5 Qxe5 26.Re1 Qf6 27.Rde3 
Nc6 28.Re8+ Rxe8 29.Rxe8+ Kh7 30.Nf4 d4 31.Nxh5 Qh4 32.f6 g6 33.Qd2 Rd8 
34.Rxd8 Nxd8 35.Qxd4 gxh5 36.Qd3+ Kh6 37.Qxd8 Qxf2 38.Qh8+ Kg5 39.Qxh5+ 
Kxf6 40.Qh6+ Ke5 41.Qh8+ Ke4 42.Qe8+ Kd3 43.Qb5+ Kd2 44.Qd5+ 1-0

[Event "41st NED-ch"]
[Site "Hilversum NED"]
[Date "1985.06.17"]
[Round "4"]
[White "Bohm, Hans"]
[Black "Langeweg, Christian"]
[Result "1-0"]
[WhiteElo "2435"]
[BlackElo "2390"]
[EventDate "1985.06.14"]
[PlyCount "74"]

1.d4 Nf6 2.c3 d5 3.Bg5 e6 4.Nd2 Be7 5.e3 c5 6.Bd3 Nc6 7.f4 cxd4 8.exd4 h6 
9.Bxf6 gxf6 10.Ne2 f5 11.b4 Bd6 12.O-O Kf8 13.Nf3 Bd7 14.Ne5 Be8 15.Ng3 
Rc8 16.Rc1 Ne7 17.Be2 Qb6 18.a4 a5 19.b5 f6 20.c4 fxe5 21.fxe5 Ba3 22.c5 
Bxc5 23.dxc5 Rxc5 24.Kh1 Qc7 25.Rxc5 Qxc5 26.Bh5 Qc3 27.Qe2 Rg8 28.Bxe8 
Kxe8 29.Nh5 Kf7 30.Nf4 Rg5 31.Qf2 Rg4 32.h3 Rg8 33.Qh4 Qc4 34.Rf3 Qxa4 35.
Kh2 Qc2 36.Qh5+ Ng6 37.Rg3 Ke7 1-0

[Event "41st NED-ch"]
[Site "Hilversum NED"]
[Date "1985.06.17"]
[Round "4"]
[White "Kuijpers, Franciscus"]
[Black "Hartoch, Robert"]
[Result "1/2-1/2"]
[WhiteElo "2370"]
[BlackElo "2360"]
[EventDate "1985.06.14"]
[PlyCount "86"]

1.e4 e5 2.Nf3 Nf6 3.Nxe5 d6 4.Nf3 Nxe4 5.Nc3 Nxc3 6.dxc3 Be7 7.Be3 Nd7 8.
Qd2 Ne5 9.Nd4 c5 10.Bb5+ Bd7 11.Bxd7+ Qxd7 12.Ne2 Nc4 13.Qd5 Nxe3 14.fxe3 
Qe6 15.Qxe6 fxe6 16.Nf4 Kd7 17.Ke2 Rhf8 18.Rhf1 Rf7 19.c4 Raf8 20.Nd3 Rxf1
21.Rxf1 Rxf1 22.Kxf1 d5 23.cxd5 exd5 24.Ke2 Kd6 25.c3 b5 26.Ne1 a5 27.Nf3 
h5 28.Nd2 Ke5 29.Nf3+ Ke4 30.Nd2+ Kf5 31.Kd3 Bd6 32.h3 Be7 33.Ke2 g5 34.
Kf3 g4+ 35.hxg4+ hxg4+ 36.Ke2 a4 37.Nb1 Ke4 38.Nd2+ Ke5 39.Kd3 a3 40.b3 
c4+ 41.bxc4 dxc4+ 42.Ke2 Kd6 43.Nf1 Bf6 1/2-1/2

[Event "41st NED-ch"]
[Site "Hilversum NED"]
[Date "1985.06.17"]
[Round "4"]
[White "Douven, Rudy"]
[Black "Welling, Gerard"]
[Result "1-0"]
[WhiteElo "2350"]
[BlackElo "2350"]
[EventDate "1985.06.14"]
[PlyCount "34"]

1.d4 Na6 2.e4 c6 3.c3 Nc7 4.Bd3 g6 5.Nf3 Bg7 6.O-O d5 7.Nbd2 Nf6 8.e5 Nh5 
9.Nb3 a5 10.Nh4 Ne6 11.f4 Bh6 12.f5 Bxc1 13.Qxc1 gxf5 14.Qh6 Nhg7 15.Nxf5 
Nxf5 16.Bxf5 b6 17.Bg4 Nc7 1-0

[Event "41st NED-ch"]
[Site "Hilversum NED"]
[Date "1985.06.17"]
[Round "4"]
[White "Gelpke, Peter"]
[Black "Boersma, Paulus"]
[Result "1/2-1/2"]
[WhiteElo "2355"]
[BlackElo "2380"]
[EventDate "1985.06.14"]
[PlyCount "82"]

1.d4 Nf6 2.c4 c5 3.d5 b5 4.cxb5 a6 5.bxa6 Bxa6 6.Nc3 g6 7.e4 Bxf1 8.Kxf1 
d6 9.g3 Bg7 10.Nf3 O-O 11.Kg2 Nbd7 12.h3 Qa5 13.Bd2 Qa6 14.Qc2 e6 15.Rad1 
exd5 16.exd5 c4 17.Be3 Rfc8 18.Rd4 Qb7 19.Rd2 Ra5 20.Rhd1 Nc5 21.Bxc5 
Rcxc5 22.a4 h6 23.Nb5 Ra6 24.Rd4 Nd7 25.Rxc4 Rxc4 26.Qxc4 Bxb2 27.Rb1 Ne5 
28.Qe4 f5 29.Qe2 Nxf3 30.Qxf3 Be5 31.Qd3 Rxa4 32.Nc3 Rb4 33.Rxb4 Qxb4 34.
Ne2 Qe4+ 35.Qxe4 fxe4 36.f4 exf3+ 37.Kxf3 Kg7 38.g4 Kf6 39.h4 h5 40.gxh5 
gxh5 41.Ke4 Kg6 1/2-1/2

[Event "41st NED-ch"]
[Site "Hilversum NED"]
[Date "1985.06.17"]
[Round "4"]
[White "Van der Wiel, John"]
[Black "Ree, Hans"]
[Result "0-1"]
[WhiteElo "2500"]
[BlackElo "2455"]
[EventDate "1985.06.14"]
[PlyCount "92"]

1.e4 e6 2.d4 d5 3.Nd2 Nf6 4.e5 Nfd7 5.c3 c5 6.Bd3 Nc6 7.Ne2 cxd4 8.cxd4 
Qb6 9.Nf3 f6 10.exf6 Nxf6 11.O-O Bd6 12.Nc3 O-O 13.Be3 Bd7 14.Re1 Kh8 15.
a3 Be8 16.Ng5 Bh5 17.Qb1 Nxd4 18.h3 e5 19.Bxh7 e4 20.Qa2 Nxh7 21.Nxh7 Rf5 
22.Ng5 Bb8 23.Rac1 Rxg5 24.Bxg5 Qd6 25.g3 Nf3+ 26.Kf1 Nxg5 27.Qxd5 Qxd5 
28.Nxd5 Be5 29.f4 Rd8 30.Ne3 Bxb2 31.Rc5 Bxa3 32.Rxg5 Bf3 33.Nd5 Rc8 34.
Ra1 Bb2 35.Ne7 Rc2 36.g4 Be2+ 37.Kf2 Bxg4+ 38.Kg3 Bf3 39.Rxa7 Bd4 40.Ra8+ 
Kh7 41.h4 Bf2+ 42.Kh3 Rc1 43.Rg2 e3 44.f5 Rh1+ 45.Rh2 Rg1 46.Ng6 Bg4# 0-1

[Event "41st NED-ch"]
[Site "Hilversum NED"]
[Date "1985.06.19"]
[Round "5"]
[White "Boersma, Paulus"]
[Black "Douven, Rudy"]
[Result "1-0"]
[WhiteElo "2380"]
[BlackElo "2350"]
[EventDate "1985.06.14"]
[PlyCount "61"]

1.e4 c6 2.c4 d5 3.cxd5 cxd5 4.exd5 Qxd5 5.Nc3 Qd6 6.d4 Nf6 7.Nge2 e6 8.g3 
Be7 9.Bg2 O-O 10.O-O Rd8 11.Be3 Qa6 12.Qc2 Bd7 13.b4 Bb5 14.Nxb5 Qxb5 15.
Nc3 Qd7 16.b5 Qc7 17.Rfc1 Ba3 18.Nd5 Qd7 19.Nxf6+ gxf6 20.Qe4 Bxc1 21.Rxc1
Qxb5 22.Qg4+ Kf8 23.d5 Nd7 24.d6 Ne5 25.Bh6+ Ke8 26.Rc7 Qb1+ 27.Bf1 Nf3+ 
28.Kg2 Qxf1+ 29.Kxf1 Nxh2+ 30.Kg2 Nxg4 31.Re7# 1-0

[Event "41st NED-ch"]
[Site "Hilversum NED"]
[Date "1985.06.19"]
[Round "5"]
[White "Hartoch, Robert"]
[Black "Gelpke, Peter"]
[Result "1/2-1/2"]
[WhiteElo "2360"]
[BlackElo "2355"]
[EventDate "1985.06.14"]
[PlyCount "74"]

1.Nf3 Nf6 2.g3 g6 3.b3 Bg7 4.Bb2 d6 5.d4 b5 6.Bg2 Bb7 7.O-O O-O 8.c4 bxc4 
9.bxc4 Nbd7 10.Qb3 Rb8 11.Qa3 Ne4 12.Nbd2 Nxd2 13.Nxd2 Bxg2 14.Kxg2 c5 15.
e3 Qb6 16.Rab1 cxd4 17.Bxd4 Qc6+ 18.Kg1 a6 19.Rb3 e5 20.Bc3 Nc5 21.Rb4 
Rfc8 22.Rfb1 Rxb4 23.Bxb4 Ne4 24.Nxe4 Qxe4 25.Rc1 Rxc4 26.Bxd6 h5 27.Be7 
Qc6 28.Rxc4 Qxc4 29.e4 Qxe4 30.Qxa6 Qf3 31.Qc4 e4 32.Bg5 Qd1+ 33.Kg2 Qf3+ 
34.Kg1 Qd1+ 35.Kg2 Bd4 36.Qb3 Qe2 37.Be3 Bxe3 1/2-1/2

[Event "41st NED-ch"]
[Site "Hilversum NED"]
[Date "1985.06.19"]
[Round "5"]
[White "Langeweg, Christian"]
[Black "Ligterink, Gert"]
[Result "0-1"]
[WhiteElo "2390"]
[BlackElo "2450"]
[EventDate "1985.06.14"]
[PlyCount "114"]

1.d4 Nf6 2.Nf3 e6 3.Bg5 c5 4.e3 Be7 5.c3 b6 6.Nbd2 Bb7 7.Bd3 cxd4 8.cxd4 
Nc6 9.O-O d5 10.Rc1 O-O 11.a3 a5 12.Rc3 Rc8 13.Qc2 h6 14.Bh4 Nb8 15.Rxc8 
Qxc8 16.Qb3 Nbd7 17.Ne5 g5 18.Bg3 Nxe5 19.Bxe5 Ba6 20.Bxa6 Qxa6 21.Bxf6 
Bxf6 22.Rc1 a4 23.Qc2 Rb8 24.Nf3 b5 25.h4 Qd6 26.hxg5 hxg5 27.Qd1 Kg7 28.
g3 Qd7 29.Ne1 Rc8 30.Nd3 Rc4 31.Rb1 Qd6 32.Qh5 Qd8 33.Kg2 Qh8 34.Qe2 Qh7 
35.Rh1 Qe4+ 36.f3 Qg6 37.g4 Be7 38.Qd2 Bd6 39.Nf2 Rc2 40.Qa5 Rxb2 41.Qd8 
Rxf2+ 42.Kxf2 Qc2+ 43.Kf1 Qd1+ 44.Kf2 Qxh1 45.Qxd6 Qd1 46.Qb4 Qd3 47.Qa5 
Qxa3 48.Qd8 Qd3 49.Qxg5+ Kh7 50.Qh4+ Kg7 51.Qg5+ Qg6 52.Qe7 Qd3 53.Qg5+ 
Qg6 54.Qe7 Qf6 55.Qe8 Qh4+ 56.Kg2 a3 57.Qxb5 Qe1 0-1

[Event "41st NED-ch"]
[Site "Hilversum NED"]
[Date "1985.06.19"]
[Round "5"]
[White "Ree, Hans"]
[Black "Kuijpers, Franciscus"]
[Result "1/2-1/2"]
[WhiteElo "2455"]
[BlackElo "2370"]
[EventDate "1985.06.14"]
[PlyCount "145"]

1.d4 d5 2.c4 c6 3.Nc3 Nf6 4.e3 e6 5.Nf3 Nbd7 6.Bd3 dxc4 7.Bxc4 b5 8.Bd3 b4
9.Ne4 Be7 10.Nxf6+ Nxf6 11.e4 Bb7 12.Qe2 Nd7 13.O-O O-O 14.Rd1 Qb6 15.Bf4 
Rfd8 16.Rac1 Rac8 17.h4 c5 18.d5 exd5 19.exd5 Bd6 20.Be3 Nf6 21.Bg5 Bf8 
22.Bc4 Bxd5 23.Rxd5 Nxd5 24.Bxd8 Rxd8 25.Ng5 h6 26.Nxf7 Kxf7 27.Bxd5+ Rxd5
28.Qf3+ Ke6 29.Qxf8 Qd6 30.Qxg7 Rd1+ 31.Rxd1 Qxd1+ 32.Kh2 Qd2 33.Qg6+ Ke7 
34.Qe4+ Kd6 35.Qg6+ Ke7 36.Qf5 Qd4 37.Qh7+ Ke8 38.Qxa7 Qf4+ 39.Kh3 Qf5+ 
40.Kg3 Qe5+ 41.f4 Qxb2 42.Qa8+ Ke7 43.Qe4+ Kf6 44.Qc6+ Kg7 45.Qd7+ Kf6 46.
Qd6+ Kg7 47.Qe7+ Kg8 48.Qe6+ Kg7 49.h5 c4 50.Kh2 b3 51.axb3 cxb3 52.Qg6+ 
Kf8 53.Qxh6+ Ke7 54.Qg5+ Qf6 55.Qc5+ Qd6 56.Qe3+ Qe6 57.Qa7+ Kf8 58.Qc5+ 
Kg7 59.f5 Qf6 60.Qa7+ Qf7 61.Qd4+ Kh7 62.g4 Qc7+ 63.Kh3 Qb7 64.Qb2 Qh1+ 
65.Kg3 Qe1+ 66.Kf4 Qd1 67.f6 Qc2 68.Qd4 Qc1+ 69.Ke4 Qe1+ 70.Kf5 Qf1+ 71.
Ke5 Qb5+ 72.Ke6 Qa6+ 73.Kf5 1/2-1/2

[Event "41st NED-ch"]
[Site "Hilversum NED"]
[Date "1985.06.19"]
[Round "5"]
[White "Van der Sterren, Paul"]
[Black "Van der Wiel, John"]
[Result "1/2-1/2"]
[WhiteElo "2450"]
[BlackElo "2500"]
[EventDate "1985.06.14"]
[PlyCount "65"]

1.d4 Nf6 2.c4 e6 3.Nf3 b6 4.g3 Ba6 5.b3 Bb4+ 6.Bd2 Be7 7.Nc3 O-O 8.e4 d5 
9.cxd5 Bxf1 10.Kxf1 exd5 11.e5 Ne4 12.Kg2 c5 13.Re1 Nc6 14.Nxe4 dxe4 15.
Rxe4 Qd5 16.Qc2 f5 17.exf6 Bxf6 18.Rae1 Nxd4 19.Nxd4 Bxd4 20.Be3 Bc3 21.
Re2 Rfe8 22.f3 Bf6 23.Qc4 Qxc4 24.Rxe8+ Rxe8 25.bxc4 Bd4 26.Kf2 Bxe3+ 27.
Rxe3 Rd8 28.Ra3 Rd2+ 29.Ke3 Rxh2 30.Rxa7 h5 31.Ra6 Rc2 32.Rxb6 Rxc4 33.Rc6
1/2-1/2

[Event "41st NED-ch"]
[Site "Hilversum NED"]
[Date "1985.06.19"]
[Round "5"]
[White "Welling, Gerard"]
[Black "Bohm, Hans"]
[Result "1/2-1/2"]
[WhiteElo "2350"]
[BlackElo "2435"]
[EventDate "1985.06.14"]
[PlyCount "65"]

1.d4 e6 2.Nf3 d5 3.Bf4 Bd6 4.e3 b6 5.Nbd2 Ne7 6.Bd3 Bxf4 7.exf4 Ba6 8.Bxa6
Nxa6 9.c3 Nb8 10.Nf1 Qd6 11.g3 c5 12.Ne3 Nbc6 13.O-O O-O 14.Re1 Rac8 15.h4
Rc7 16.Qd3 h6 17.Re2 cxd4 18.Nxd4 Nxd4 19.Qxd4 Rd8 20.Rd1 b5 21.Qd3 b4 22.
c4 Rcd7 23.f5 exf5 24.Nxf5 Nxf5 25.Qxf5 g6 26.Qxd5 Qxd5 27.cxd5 Rxd5 28.
Re8+ Rxe8 29.Rxd5 Re2 30.Ra5 Rxb2 31.Rxa7 h5 32.Kg2 Kg7 33.Ra6 1/2-1/2

[Event "41st NED-ch"]
[Site "Hilversum NED"]
[Date "1985.06.20"]
[Round "6"]
[White "Boersma, Paulus"]
[Black "Hartoch, Robert"]
[Result "1-0"]
[WhiteElo "2380"]
[BlackElo "2360"]
[EventDate "1985.06.14"]
[PlyCount "107"]

1.d4 d6 2.e4 Nf6 3.Nc3 g6 4.Be2 Bg7 5.h4 Nc6 6.h5 gxh5 7.Bb5 Bd7 8.Nge2 e6
9.Bg5 h6 10.Bh4 Ne7 11.Bxd7+ Qxd7 12.Qd3 Ng6 13.Bxf6 Bxf6 14.Rxh5 O-O-O 
15.g3 c6 16.O-O-O d5 17.e5 Bg7 18.f4 Ne7 19.g4 f5 20.gxf5 Nxf5 21.Ng3 Nxg3
22.Qxg3 Rdg8 23.Qh3 Bf8 24.Ne2 Rh7 25.Rf1 Rf7 26.c3 a5 27.a4 Kb8 28.Kd2 
Qe8 29.b3 Qd7 30.Kd3 Qe8 31.Kd2 Qd7 32.Kd3 Qe8 33.f5 Rxf5 34.Rhxf5 exf5 
35.Qxf5 Be7 36.Qf7 Qc8 37.Qf5 Rg5 38.Qxc8+ Kxc8 39.Rf7 Kd7 40.Rh7 h5 41.c4
dxc4+ 42.Kxc4 h4 43.Kd3 c5 44.Ke4 cxd4 45.Nxd4 Ke8 46.Nf5 Rg4+ 47.Kd5 Bb4 
48.e6 Kd8 49.Rxh4 Rxh4 50.Nxh4 Ke7 51.Nf5+ Kf6 52.Nd6 b6 53.Nc4 Bc5 54.
Nxa5 1-0

[Event "41st NED-ch"]
[Site "Hilversum NED"]
[Date "1985.06.20"]
[Round "6"]
[White "Kuijpers, Franciscus"]
[Black "Van der Sterren, Paul"]
[Result "0-1"]
[WhiteElo "2370"]
[BlackElo "2450"]
[EventDate "1985.06.14"]
[PlyCount "83"]

1.e4 e5 2.Nf3 Nc6 3.Bb5 a6 4.Ba4 Nf6 5.O-O Be7 6.Bxc6 dxc6 7.d3 Nd7 8.Nbd2
O-O 9.Nc4 f6 10.Bd2 Nc5 11.Nh4 Be6 12.Ne3 g6 13.Qe2 Qe8 14.b3 f5 15.exf5 
gxf5 16.Nf3 Bd6 17.Rfe1 Qg6 18.Bc3 e4 19.dxe4 fxe4 20.Nd4 Bd7 21.Qc4+ Rf7 
22.Ne2 h5 23.Rf1 Kh7 24.Rad1 b5 25.Qd4 h4 26.Kh1 Rg8 27.Qd2 Qh5 28.Ng1 Qg5
29.Bb4 Qe5 30.g3 Qh5 31.Qe2 Qh6 32.Bd2 Qg6 33.Bb4 Be6 34.Rde1 Nd3 35.cxd3 
exd3 36.Qd2 hxg3 37.fxg3 Rxf1 38.Rxf1 Qe4+ 39.Nf3 Bxb4 40.Qf2 Bc5 41.Qg2 
Qxe3 42.Re1 0-1